Metadata
| 000 -Etiqueta do registo |
| campo de controlo de comprimento fixo |
01062nam a2200325 4500 |
| 001 - Identificador do registo |
| Campo de controlo |
24623 |
| 010 ## - ISBN |
| Número (ISBN) |
9789896658373 |
| 021 ## - Nº depósito legal |
| Código do país |
Portugal |
| Número |
464012/19 |
| 100 ## - Dados Gerais de Proc. |
| Dados gerais de processamento |
20200218d2020 c y0pory50030103ba |
| 101 1# - Língua da publicação |
| Língua do texto, banda sonora, etc. |
Português |
| Língua do documento no original |
eng |
| 102 ## - País de Publicação |
| País de publicação |
Portugal |
| 105 ## - Dados Codif. Livros |
| Dados codificados dos livros |
a z 000fy |
| 106 ## - Atributos Físicos |
| Dados codificados do material textual |
r |
| 200 1# - Título |
| Título próprio |
O muro no meio do livro |
| Primeira menção de responsabilidade |
Jon Agee |
| Outras menções de responsabilidade |
trad. Joana Gonçalves |
| 210 #9 - Publicação, Distribuição |
| Lugar da edição, distribuição, etc. |
Lisboa |
| Nome do editor, distribuidor, etc. |
Nuvem de Letras |
| Data da publicação, distribuição, etc. |
2020 |
| 215 ## - Descrição física |
| Descrição física |
[44] p. |
| Outras indicações físicas |
muito il. |
| Dimensões |
30 cm |
| 304 ## - Título |
| Texto da nota |
Tít. orig.: The wall in the middle of the book |
| 330 ## - Sumário ou Resumo |
| Texto da nota |
História muito simples e inteligente que provoca a discussão de temas importantes. O muro no meio do livro é, supostamente, para proteger um lado do livro do outro lado. Supostamente. |
| 606 ## - Nome comum |
| Elemento de entrada |
Literatura infantil |
| Subdivisão de assunto |
Conto |
| 675 ## - CDU |
| Notação |
087.5 |
| Edição |
BN |
| Língua da edição |
Português |
| 675 ## - CDU |
| Notação |
821.111(73)-93"19/20" |
| Edição |
BN |
| Língua da edição |
Português |
| 675 ## - CDU |
| Notação |
821.111(73)-34"19/20" |
| Edição |
BN |
| Língua da edição |
Português |
| 700 #1 - Responsabilidade principal |
| Palavra de ordem |
Agee |
| Outra parte do nome |
Jon |
| Datas |
1959- |
| 702 #1 - Responsabilidade secundária |
| Palavra de ordem |
Gonçalves |
| Outra parte do nome |
Joana |
| Código de função |
Tradutor |
| 801 #0 - Fonte de origem |
| País |
Portugal |
| Agência |
BEDB |
| Regras de catalogação |
RPC |
| 090 ## - Números de controlo do sistema (Koha) |
| Número biblioitem do Koha (gerado automaticamente) |
24623 |
| 942 ## - Elementos de entrada adicionados (Koha) |
| Suprimido |
Disponível no OPAC |
| Tipo de item no Koha |
Monografia |